Principales langues africaines sur une carte - Statistiques

Statistiques générales
  • Ce quiz a été pris 229 fois
  • Le résultat moyen est 12 sur 50
Réponses sur la Carte
Les réponses sont colorées sur une échelle allant du rouge au vert en fonction du pourcentage des utilisateurs qui les ont devinées à leur premier essai. Vous pouvez retrouver ces pourcentages ci-dessous.
 
Statistiques - réponses
pop langue % Correct
197 m arabe
95%
120 m français
84%
24 m anglais
83%
18 m portugais
72%
20 m swahili
64%
4.1 m espagnol
63%
18 m malgache
62%
23 m berbère
60%
7.2 m afrikaans
51%
10 m zoulou
51%
16 m somali
49%
5.4 m wolof
47%
20 m lingala
43%
21 m amharique
28%
7.6 m xhosa
28%
5.6 m kongo
27%
5.8 m tswana
24%
4.1 m bambara
23%
44 m igbo
23%
50 m yoruba
21%
5.6 m sesotho
18%
51 m haoussa
17%
8.8 m kirundi
17%
9.8 m kinyarwanda
15%
25 m foulani
13%
26 m oromo
13%
4.6 m sotho du Nord
12%
14 m shona
9%
7.0 m tigringa
9%
11 m akan
7%
5.0 m maninka
7%
7.6 m moré
7%
9.7 m chewa
6%
6.3 m luba-kasaï
6%
4.3 m ndebele du Nord
4%
9.2 m luganda
4%
8.0 m kikuyu
3%
5.7 m kituba
3%
8.8 m kanuri
2%
4.0 m makua
2%
6.0 m umbundu
2%
4.3 m zarma
2%
4.0 m kamba
1%
6.8 m luhya
1%
4.2 m luo
1%
4.4 m nkore
1%
4.0 m sidamo
1%
5.5 m sukuma
1%
5.0 m tiv
1%
7.0 m wolaitta
1%
Aucun quiz correspondant
Distribution des résultats
% des personnes avec chaque résultat
Percentile par nombre de réponses
Votre historique - résultats
Vous n’avez pas pris ce quiz